Music Quiz

Random Music or Kpop Quiz

Idols with same stage names Quiz Stats

 Plays Quiz not verified by Sporcle

Challenge
Share
Tweet
Embed
Score 0/45 Timer 12:00
0 Plays Today
% Correct
GOT7
84.2%
GOT7
82.1%
Seventeen
81.4%
Seventeen
81.2%
NCT
80.3%
Seventeen
80.2%
SHINee
79.7%
NCT
79.2%
GOT7
78.7%
NCT
78.3%
Bigbang
78.2%
NCT
72.5%
Monsta X
70.5%
Wanna One
63.9%
BtoB
61.8%
B.A.P
60.9%
A.C.E
59.7%
Block B
58.7%
A.C.E
58.4%
Wanna One
57%
Ikon
56.4%
Ikon
55.3%
SF9
53%
% Correct
SF9
52.9%
CN Blue
52.5%
B1A4
50.3%
Stray Kids
49.1%
CN Blue
47.7%
Boyfriend
42.9%
The Boyz
40.9%
KNK
40.1%
Golden Child
35.9%
Golden Child
34.1%
Boyfriend
33.2%
U-Kiss
31.8%
Golden Child
31.7%
The Rose
30%
N.Flying
29%
100%
28.2%
VAV
21.9%
Victon
18%
Halo
17.2%
Snuper
14.6%
TRCNG
12.8%
Noir
10.8%

You're not logged in!

Compare scores with friends on all Sporcle quizzes.
OR
Log In

You Might Also Like...

Show Comments

Extras

Top Quizzes Today


Score Distribution

Your Account Isn't Verified!

In order to create a playlist on Sporcle, you need to verify the email address you used during registration. Go to your Sporcle Settings to finish the process.

Report this User

Report this user for behavior that violates our Community Guidelines.

Details: